MARC

LEADER 00000nam0a2200000 4500
001 290724
005 20250520085824.0
035 |a (RuTPU)RU\TPU\book\315280 
090 |a 290724 
100 |a 20150408d1966 k y0rusy50 ca 
101 0 |a rus 
102 |a RU 
105 |a a z 001zy 
200 1 |a Испытательные машины, приборы автоматизации взвешивания и дозирования. № 2 (16)  |f Научно-исследовательский и конструкторский институт испытательных машин, приборов и средств измерения масс (НИКИМП) 
210 |a Москва  |c Изд-во НИКИМП  |d 1966 
215 |a 56 с.  |c ил. 
225 1 |a Труды НИКИМП  |v №2(16) 
320 |a Библиография в конце статей 
606 |a Испытательные машины, приборы и установки  |x Использование  |2 stltpush  |3 (RuTPU)RU\TPU\subj\13243  |9 39890 
610 1 |a испытательные машины 
610 1 |a взвешивающие устройства 
610 1 |a дозирование 
610 1 |a автоматизация 
675 |a 621.1.05  |v 3 
712 0 2 |a Научно-исследовательский и конструкторский институт испытательных машин, приборов и средств измерения масс (НИКИМП)  |c (Москва)  |c (1959- )  |2 stltpush  |3 (RuTPU)RU\TPU\col\19390 
801 1 |a RU  |b 63413507  |c 20150408 
801 2 |a RU  |b 63413507  |c 20180704  |g RCR 
942 |c BK